| 000 | 05629cam a22018854i 4500 | ||
|---|---|---|---|
| 003 | PE-LiUPU | ||
| 005 | 20250813165548.0 | ||
| 008 | 191112s2018 paua r 001 0 spa d | ||
| 020 | _a841703305X | ||
| 020 | _a9788417033057 | ||
| 035 | _a(Sirsi) a252697 | ||
| 040 |
_aPE-LiUPU _bspa _cPE-LiUPU _erda |
||
| 041 | 1 |
_aspa _heng |
|
| 049 | _aPURA | ||
| 082 | 0 | 4 |
_a616.89 _bS13 _220 |
| 100 | 1 |
_aSadock, Benjamin James, _eautor. |
|
| 245 | 1 | 0 |
_aManual de psiquiatría clínica / _cBenjamin James Sadock, Virginia Alcott Sadock, Pedro Ruiz. |
| 250 | _aCuarta edición. | ||
| 264 | 1 |
_aPhiladelphia : _bWolters Kluwer, _c2018. |
|
| 300 |
_axvi, 1008 páginas : _bilustraciones ; _c27 centímetros |
||
| 336 |
_atext _2rdacontent |
||
| 337 |
_aunmediated _2rdamedia |
||
| 338 |
_avolume _2rdacarrier |
||
| 504 | _aÍndice: páginas 975-1008. | ||
| 505 | 0 | _aClasificación en psiquiatría -- Entrevista psiquiátrica, historia y exploración del estado mental -- Exploración física y pruebas analíticas en psiquiatría -- Espectro de la esquizofrenia y otros trastornos psicóticos -- Trastornos del estado de ánimo -- Trastornos de ansiedad -- Trastorno obsesivo-compulsivo y trastornos relacionados -- Trastornos relacionados con traumas y factores de estrés -- Trastornos disociativos -- Síntomas somáticos y trastornos relacionados -- Trastornos de la conducta alimentaria y de la ingesta de alimentos -- Sueño normal y trastornos del sueño y del despertar -- Sexualidad humana y disfunciones sexuales -- Disforia de género -- Trastornos disruptivos, del control de los impulsos y de la conducta -- Trastornos relacionados con usstancias y trastornos adictivos -- Trastornos neurocognitivos -- Trastornos de la personalidad -- Medicina psiquiátrica de urgencia -- Medicina complmentaria y alternativa en psiquiatría -- Otros problemas que pueden ser objeto de atención clínica -- Abuso físico y sexual en adultos -- Psiquiatría y medicina de la reproducción -- Psicoterapias -- Tratamiento psicofarmacológico -- Técnicas de estimulación cerebral -- Psiquiatría pediátrica -- Edad adulta -- Psiquiatría geriátrica -- El final de la vida -- Psiquiatría pública -- Psiquiatría forense y ética en psiquiatría -- Aspectos de la psiquiatría en el mundo. | |
| 526 | _aP203 | ||
| 526 | _aP200 | ||
| 526 | _aSEG65 | ||
| 526 | _aSEG64 | ||
| 526 | _aSEG63 | ||
| 526 | _aSEG62 | ||
| 526 | _aSEG61 | ||
| 526 | _aSEG60 | ||
| 526 | _aSEG59 | ||
| 526 | _aSEG58 | ||
| 526 | _aSEG57 | ||
| 526 | _aSEG56 | ||
| 526 | _aSEG55 | ||
| 526 | _aSEG54 | ||
| 526 | _aSEG53 | ||
| 526 | _aSEG52 | ||
| 526 | _aSEG51 | ||
| 526 | _aSEG50 | ||
| 526 | _aSEG49 | ||
| 526 | _aSEG48 | ||
| 526 | _aSEG47 | ||
| 526 | _aSEG46 | ||
| 526 | _aSEG24 | ||
| 526 | _aSEG23 | ||
| 526 | _aSEG22 | ||
| 526 | _aSEG21 | ||
| 526 | _aSEG20 | ||
| 526 | _aSEG19 | ||
| 526 | _aSEG18 | ||
| 526 | _aSEG17 | ||
| 526 | _aSEG16 | ||
| 526 | _aSEG14 | ||
| 526 | _aSEG13 | ||
| 526 | _aSEG12 | ||
| 526 | _aSEG11 | ||
| 526 | _aSEG10 | ||
| 526 | _aSEG09 | ||
| 526 | _aSEG06 | ||
| 526 | _aSEG05 | ||
| 526 | _aSEG04 | ||
| 526 | _aSEG03 | ||
| 526 | _aSEG02 | ||
| 526 | _aSEG68 | ||
| 526 | _aSEG66 | ||
| 526 | _aSEG45 | ||
| 526 | _aSEG25 | ||
| 526 | _aSEG01 | ||
| 526 | _aP163 | ||
| 526 | _aP162 | ||
| 526 | _aP161 | ||
| 526 | _aP160 | ||
| 526 | _aP159 | ||
| 526 | _aP158 | ||
| 526 | _aP157 | ||
| 526 | _aP156 | ||
| 526 | _aP155 | ||
| 526 | _aP154 | ||
| 526 | _aP153 | ||
| 526 | _aP152 | ||
| 526 | _aP151 | ||
| 526 | _aP150 | ||
| 526 | _aP149 | ||
| 526 | _aP142 | ||
| 526 | _aP141 | ||
| 526 | _aP140 | ||
| 526 | _aP139 | ||
| 526 | _aP138 | ||
| 526 | _aP137 | ||
| 526 | _aP132 | ||
| 526 | _aP131 | ||
| 526 | _aP130 | ||
| 526 | _aP126 | ||
| 526 | _aP125 | ||
| 526 | _aP124 | ||
| 526 | _aP123 | ||
| 526 | _aP115 | ||
| 526 | _aP122 | ||
| 526 | _aP121 | ||
| 526 | _aP116 | ||
| 526 | _a P114 | ||
| 526 | _aP112 | ||
| 526 | _aP111 | ||
| 526 | _aP104 | ||
| 526 | _aP103 | ||
| 526 | _aP102 | ||
| 526 | _aP101 | ||
| 526 | _aP100 | ||
| 526 | _aP96 | ||
| 526 | _aP95 | ||
| 526 | _aP93 | ||
| 526 | _aP92 | ||
| 526 | _aP91 | ||
| 526 | _aP88 | ||
| 526 | _aP83 | ||
| 526 | _aP82 | ||
| 526 | _aP79 | ||
| 526 | _aP78 | ||
| 526 | _aP75 | ||
| 526 | _aP74 | ||
| 526 | _aP71 | ||
| 526 | _aP69 | ||
| 526 | _a P51 | ||
| 526 | _aP49 | ||
| 526 | _aP48 | ||
| 526 | _aP47 | ||
| 526 | _aP33 | ||
| 526 | _aP31 | ||
| 526 | _a P30 | ||
| 526 | _aP29 | ||
| 526 | _aP27 | ||
| 526 | _aP26 | ||
| 526 | _aP25 | ||
| 526 | _aP24 | ||
| 526 | _a P22 | ||
| 526 | _aP10 | ||
| 526 | _aP09 | ||
| 526 | _a P08 | ||
| 526 | _aP06 | ||
| 526 | _aP05 | ||
| 526 | _aP04 | ||
| 526 | _aP01 | ||
| 534 |
_pTítulo original : _tKaplan & Sadock's concise textbook of clinical psychiatry. |
||
| 541 | _g001-18; | ||
| 650 | 0 | 7 | _aPsiquiatría. |
| 650 | 0 | 7 |
_aPsiquiatría _vEnsayos. |
| 650 | 0 | 4 | _aManual de psiquiatria clinica. |
| 700 | 1 |
_aSadock, Virginia Alcott, _eautor. |
|
| 700 | 1 |
_aRuiz, Pedro, _eautor. |
|
| 910 |
_adbm _bncf _cncf _d20191112 |
||
| 942 |
_2ddc _cBOOK |
||
| 994 |
_aC0 _bPEPRU |
||
| 598 | _aCATALOGING | ||
| 596 | _a1 | ||
| 999 |
_a616.89 S13 _wDEWEY _c31926 _i80834 _f2021-11-4 _g3 _lCCODEBUL1 _mBUL _p104.65 _r0 _sY _tBOOK _u2019-11-12 _xSALUD _zP54 _0COMPRA _1FCOMPR4 _o.STAFF. Colección Ciencias de la Salud _d31926 |
||
| 980 |
_81 _gALBERTO SANCHEZ Responsable de Automatización |
||